Agricultural research, livelihoods, and poverty : studies of economic and social impacts in six countries /
| Other Authors: | , |
|---|---|
| Format: | Book |
| Language: | English |
| Published: |
Baltimore, Md. : Washington, D.C. :
Johns Hopkins University Press ; Published for the International Food Policy Research Institute,
2007.
|
| Subjects: | |
| Online Access: | Table of contents only Contributor biographical information Publisher description |
MARC
| Tag | First Indicator | Second Indicator | Subfields |
|---|---|---|---|
| LEADER | 00000cam a22000004a 4500 | ||
| 001 | in00002246921 | ||
| 005 | 20151105060332.0 | ||
| 008 | 060809s2007 mduab b 001 0 eng | ||
| 010 | |a 2006025982 | ||
| 015 | |a GBA712122 |2 bnb | ||
| 016 | 7 | |a 013672502 |2 Uk | |
| 020 | |a 9780801885969 (hardcover : alk. paper) | ||
| 020 | |a 9780801887215 (pbk. : alk. paper) | ||
| 020 | |a 0801885965 (hardcover : alk. paper) | ||
| 020 | |a 0801887216 (pbk. : alk. paper) | ||
| 035 | |a (OCoLC)ocm71266344 | ||
| 035 | |a (OCoLC)71266344 | ||
| 040 | |a DNAL/DLC |c DLC |d BAKER |d UKM |d BTCTA |d C#P |d YDXCP |d UtOrBLW | ||
| 042 | |a pcc | ||
| 043 | |a d------ | ||
| 049 | |a TXAM | ||
| 050 | 0 | 0 | |a S540.E25 |b A37 2007 |
| 070 | 0 | |a S540.E25 |b A37 2007 | |
| 082 | 0 | 0 | |a 338.1/6 |2 22 |
| 245 | 0 | 0 | |a Agricultural research, livelihoods, and poverty : |b studies of economic and social impacts in six countries / |c edited by Michelle Adato and Ruth Meinzen-Dick. |
| 264 | 1 | |a Baltimore, Md. : |b Johns Hopkins University Press ; |a Washington, D.C. : |b Published for the International Food Policy Research Institute, |c 2007. | |
| 300 | |a xxvi, 388 pages : |b illustrations, map ; |c 24 cm. | ||
| 336 | |a text |b txt |2 rdacontent | ||
| 337 | |a unmediated |b n |2 rdamedia | ||
| 338 | |a volume |b nc |2 rdacarrier | ||
| 504 | |a Includes bibliographical references and index. | ||
| 650 | 0 | |a Agriculture |x Research |x Economic aspects |z Developing countries |v Case studies. | |
| 650 | 0 | |a Agriculture |x Research |x Social aspects |z Developing countries |v Case studies. | |
| 650 | 0 | |a Poverty |z Developing countries |v Case studies. | |
| 700 | 1 | |a Adato, Michelle. | |
| 700 | 1 | |a Meinzen-Dick, Ruth Suseela. | |
| 856 | 4 | 1 | |3 Table of contents only |u http://www.loc.gov/catdir/toc/ecip0620/2006025982.html |t 0 |
| 856 | 4 | 2 | |3 Contributor biographical information |u http://www.loc.gov/catdir/enhancements/fy0703/2006025982-b.html |t 0 |
| 856 | 4 | 2 | |3 Publisher description |u http://www.loc.gov/catdir/enhancements/fy0703/2006025982-d.html |t 0 |
| 938 | |a Baker & Taylor |b BKTY |c 60.00 |d 60.00 |i 0801885965 |n 0006970911 |s active | ||
| 938 | |a Baker and Taylor |b BTCP |n 2006025982 | ||
| 938 | |a YBP Library Services |b YANK |n 2505228 | ||
| 945 | |a PromptCat |b 174748 | ||
| 946 | |a stk | ||
| 947 | |a A14836212323 | ||
| 948 | |a cataloged |b h |c 2007/7/12 |d c |e achopde |f 2:14:38 pm | ||
| 994 | |a 92 |b TXA | ||
| 999 | |a MARS | ||
| 999 | f | f | |s ba9a720c-4df9-3d87-b205-4d25a695be2c |i 5d5df9af-c31f-33af-bc31-45713ab777ea |t 0 |
| 952 | f | f | |p ric |a Texas A&M University |b Rellis Campus |c Joint Library Facility |d Remote Storage |t 0 |e S540.E25 A37 2007 |h Library of Congress classification |i unmediated -- volume |m A14836212323 |
| 998 | f | f | |a S540.E25 A37 2007 |t 0 |l Remote Storage |